| 000 | 00843cam a2200253 a 4500 | ||
|---|---|---|---|
| 001 | 3015165 | ||
| 003 | OSt | ||
| 005 | 20161201134954.0 | ||
| 008 | 940622s1995 enka b 001 0 eng | ||
| 010 | _a 94026547 | ||
| 020 | _a0521341876 | ||
| 040 |
_aDLC _cDLC _dDLC |
||
| 050 | 0 | 0 |
_aQA614.8 _b.K38 1995 |
| 082 | 0 | 0 |
_a510.1 _220 _bKAT 1995 |
| 100 | 1 |
_aKatok, Anatole B.; Boris Hasselblatt _98332 |
|
| 245 | 1 | 0 | _aIntroduction to the Modern Theory of Dynamical Systems |
| 260 |
_bCambridge University Press, _c1995. |
||
| 300 |
_axviii, 802 p. : _bill. ; _c24 cm. |
||
| 504 | _aIncludes bibliographical references and index. | ||
| 650 | 0 |
_aDynamic systems. _93007 |
|
| 856 | 4 | 2 |
_3Publisher description _uhttp://www.loc.gov/catdir/description/cam026/94026547.html |
| 906 |
_a7 _bcbc _corignew _d1 _eocip _f19 _gy-gencatlg |
||
| 942 |
_2ddc _cSLOAN |
||
| 999 |
_c3791 _d3791 |
||